[Event "SUI-ch (Women)"]
[Site "Flims"]
[Date "2021.07.13"]
[Round "6"]
[White "Ramseier, Jana S"]
[Black "Georgescu, Lena"]
[Result "1/2-1/2"]
[WhiteElo "2105"]
[BlackElo "2257"]
[PlyCount "30"]
[EventDate "2021.07.08"]
[EventType "tourn"]
[EventRounds "9"]
[EventCountry "SUI"]
[SourceTitle "EXT 2022"]
[Source "ChessBase"]
[SourceDate "2021.10.06"]
[SourceVersion "1"]
[SourceVersionDate "2021.10.06"]
[SourceQuality "1"]

1. d4 Nf6 2. Nf3 d5 3. Bf4 c5 4. e3 Nc6 5. c3 e6 6. Nbd2 cxd4 7. exd4 Nh5 8. Bg3 Nxg3 9. hxg3 g6 10. Bd3 Bg7 11. Qe2 a6 12. a4 0-0 13. Ne5 Nxe5 14. dxe5 d4 15. c4 Bd7 1/2-1/2

[Event "EU-ch Union SCIPT 15th"]
[Site "Porto"]
[Date "2007.09.13"]
[Round "6"]
[White "Ramseier, Jana S"]
[Black "Stypka, Mieczyslaw"]
[Result "0-1"]
[WhiteElo "2155"]
[BlackElo "2222"]
[PlyCount "90"]
[EventDate "2007.09.10"]
[EventType "team-swiss"]
[EventRounds "9"]
[EventCountry "POR"]
[SourceTitle "EXT 2016"]
[Source "ChessBase"]
[SourceDate "2015.10.08"]
[SourceVersion "1"]
[SourceVersionDate "2015.10.08"]
[SourceQuality "1"]

1. d4 Nf6 2. Nf3 g6 3. g3 Bg7 4. Bg2 0-0 5. 0-0 d6 6. b3 e5 7. dxe5 dxe5 8. Bb2 e4 9. Qxd8 Rxd8 10. Ng5 Bf5 11. Na3 h6 12. Nh3 Nc6 13. Rad1 Nd5 14. Bxg7 Kxg7 15. Nb1 Ndb4 16. c3 Nxa2 17. Nf4 Rxd1 18. Rxd1 Rd8 19. Rxd8 Nxd8 20. e3 a5 21. Ne2 Bg4 22. Nd4 f5 23. f3 exf3 24. Nxf3 Nc1 25. b4 axb4 26. cxb4 c6 27. Nc3 Bxf3 28. Bxf3 b5 29. e4 Nd3 30. Na2 Kf6 31. exf5 Kxf5 32. Kf1 Ke5 33. Ke2 Kd4 34. Kd2 Ne5 35. Be2 Ne6 36. Nc1 Ng5 37. Nb3+ Kd5 38. Ke3 Ne4 39. Nd4 Nc3 40. h3 Na2 41. Nc2 Nc4+ 42. Kf4 Nc1 43. Bf3+ Kd6 44. Be4 Ne5 45. Ke3 Na2 0-1

[Event "EU-ch Union SCIPT 15th"]
[Site "Porto"]
[Date "2007.09.10"]
[Round "1"]
[White "Ortoft, Kai"]
[Black "Ramseier, Jana S"]
[Result "1/2-1/2"]
[WhiteElo "2104"]
[BlackElo "2155"]
[PlyCount "91"]
[EventDate "2007.09.10"]
[EventType "team-swiss"]
[EventRounds "9"]
[EventCountry "POR"]
[SourceTitle "EXT 2016"]
[Source "ChessBase"]
[SourceDate "2015.10.08"]
[SourceVersion "1"]
[SourceVersionDate "2015.10.08"]
[SourceQuality "1"]

1. Nf3 g6 2. d4 Bg7 3. g3 d6 4. Bg2 Nf6 5. 0-0 0-0 6. c4 Bg4 7. h3 Bxf3 8. Bxf3 Nc6 9. Bg2 Nd7 10. d5 Nb4 11. Nd2 a5 12. a3 Na6 13. Rb1 Nac5 14. b3 Nf6 15. Qc2 Qd7 16. Bb2 Rae8 17. Rfe1 Nh5 18. Bxg7 Nxg7 19. b4 axb4 20. axb4 Na6 21. c5 Qb5 22. cxd6 cxd6 23. e4 f5 24. Bf1 Qb6 25. Qb2 fxe4 26. Nc4 Qd8 27. Rxe4 Nh5 28. Qd4 Qc8 29. Ne3 Nf6 30. Rf4 Nb8 31. h4 Nbd7 32. Bh3 Qd8 33. Be6+ Kg7 34. Ng4 h5 35. Ne3 Ne5 36. Rc1 Qa8 37. Kg2 Qa3 38. Rc3 Qb2 39. Rc7 Qe2 40. Rxb7 Nd3 41. Nc4 Nxf4+ 42. gxf4 Kh6 43. f5 g5 44. hxg5+ Kxg5 45. Nxd6 h4 46. Nxe8 1/2-1/2

[Event "Liechtenstein op 24th"]
[Site "Triesen"]
[Date "2006.05.20"]
[Round "2"]
[White "Ramseier, Jana S"]
[Black "Schebler, Gerhard"]
[Result "0-1"]
[WhiteElo "2193"]
[BlackElo "2471"]
[PlyCount "50"]
[EventDate "2006.05.19"]
[EventType "swiss"]
[EventRounds "9"]
[EventCountry "LIE"]
[SourceTitle "CBM 112 Extra"]
[Source "ChessBase"]
[SourceDate "2006.07.14"]
[SourceVersion "1"]
[SourceVersionDate "2006.07.14"]
[SourceQuality "1"]

1. d4 Nf6 2. Nf3 e6 3. g3 b5 4. Bg2 d5 5. Bg5 Bb7 6. c3 c5 7. 0-0 Nbd7 8. Ne5 h6 9. Bxf6 Nxf6 10. Nd2 Bd6 11. Ndf3 0-0 12. Qd3 Qb6 13. h4 Rad8 14. Bh3 Nd7 15. Nxd7 Rxd7 16. g4 Re7 17. Ne5 Bxe5 18. dxe5 d4 19. cxd4 Rd8 20. dxc5 Rxd3 21. cxb6 Rxh3 22. f3 Rxh4 23. bxa7 Bd5 24. e4 Bxe4 25. fxe4 Rxg4+ 0-1

[Event "SUI-ch (Women) 103rd"]
[Site "Silvaplana"]
[Date "2003.07.16"]
[Round "7"]
[White "Bohrer, Ruth"]
[Black "Ramseier, Jana S"]
[Result "0-1"]
[WhiteElo "2037"]
[BlackElo "2207"]
[PlyCount "70"]
[EventDate "2003.07.10"]
[EventType "tourn"]
[EventRounds "9"]
[EventCountry "SUI"]
[SourceTitle "CBM 095 Extra"]
[Source "ChessBase"]
[SourceDate "2003.09.04"]
[SourceVersion "1"]
[SourceVersionDate "2003.09.04"]
[SourceQuality "1"]

1. d4 g6 2. Nf3 Bg7 3. e4 d6 4. Be3 Nf6 5. Bd3 0-0 6. 0-0 Ng4 7. Bd2 Nc6 8. c3 e5 9. d5 Ne7 10. h3 Nf6 11. Qc2 Ne8 12. Na3 Kh8 13. Nc4 Ng8 14. g4 Bf6 15. Kg2 Ng7 16. Rh1 Be7 17. Rag1 f5 18. gxf5 gxf5 19. exf5 Bxf5 20. Kf1 Qd7 21. Rg3 Rf7 22. Ne3 Bxd3+ 23. Qxd3 Nh5 24. Rg5 Nf4 25. Qe4 Bxg5 26. Nxg5 Rg7 27. Ne6 Nxe6 28. dxe6 Qxe6 29. Qxb7 Rf8 30. Qd5 Qg6 31. Ke2 Qh5+ 32. Ke1 Nf6 33. Qc6 Qg6 34. a4 d5 35. b4 Qb1+ 0-1

[Event "SUI-ch (Women) 103rd"]
[Site "Silvaplana"]
[Date "2003.07.13"]
[Round "4"]
[White "Ramseier, Jana S"]
[Black "Roschina, Tatiana"]
[Result "0-1"]
[WhiteElo "2207"]
[BlackElo "2273"]
[PlyCount "114"]
[EventDate "2003.07.10"]
[EventType "tourn"]
[EventRounds "9"]
[EventCountry "SUI"]
[SourceTitle "CBM 095 Extra"]
[Source "ChessBase"]
[SourceDate "2003.09.04"]
[SourceVersion "1"]
[SourceVersionDate "2003.09.04"]
[SourceQuality "1"]

1. d4 d5 2. Nf3 c5 3. g3 cxd4 4. Nxd4 e5 5. Nb3 Bb4+ 6. c3 Be7 7. Bg2 Nf6 8. Bg5 Nbd7 9. 0-0 0-0 10. N1d2 Nb6 11. Qc2 Qc7 12. Rac1 Be6 13. Rfd1 a5 14. Nf1 h6 15. Bxf6 Bxf6 16. h4 a4 17. Nbd2 Rac8 18. Qb1 e4 19. Ne3 Be5 20. Ndf1 f5 21. b3 Bxc3 22. bxa4 Qd6 23. a5 Bxa5 24. Rxc8 Rxc8 25. Qb5 Qb4 26. Rb1 Qc5 27. Bh3 g6 28. Qb3 Rc6 29. Nd1 d4 30. Qb2 Kf7 31. Bg2 Qc2 32. g4 Qxb2 33. Rxb2 Bc3 34. gxf5 gxf5 35. Rb5 Kf6 36. Ng3 Bd5 37. e3 Ke5 38. Ne2 Ba1 39. exd4+ Bxd4 40. Nxd4 Kxd4 41. Ne3 f4 42. Rb4+ Bc4 43. Nxc4 Nxc4 44. Bf1 Kc3 45. Rxb7 Nd2 46. Bh3 Nf3+ 47. Kh1 Rd6 48. Bg4 Rd1+ 49. Kg2 Rg1+ 50. Kh3 Rh1+ 51. Kg2 Rh2+ 52. Kf1 Nd2+ 53. Kg1 Rxh4 54. Bd1 f3 55. Rc7+ Kb4 56. Rd7 Rg4+ 57. Kh1 e3 0-1

[Event "SUI-ch (Women) 103rd"]
[Site "Silvaplana"]
[Date "2003.07.11"]
[Round "2"]
[White "Hamdouchi, Adina Maria"]
[Black "Ramseier, Jana S"]
[Result "1/2-1/2"]
[WhiteElo "2289"]
[BlackElo "2207"]
[PlyCount "46"]
[EventDate "2003.07.10"]
[EventType "tourn"]
[EventRounds "9"]
[EventCountry "SUI"]
[SourceTitle "CBM 095 Extra"]
[Source "ChessBase"]
[SourceDate "2003.09.04"]
[SourceVersion "1"]
[SourceVersionDate "2003.09.04"]
[SourceQuality "1"]

1. Nf3 g6 2. g3 Bg7 3. d4 d6 4. Bg2 Nf6 5. 0-0 0-0 6. b3 c5 7. Bb2 Nc6 8. c4 cxd4 9. Nxd4 Bd7 10. Nc3 Nxd4 11. Qxd4 Bc6 12. Nd5 Bxd5 13. Bxd5 Nh5 14. Qd2 Bxb2 15. Qxb2 Qb6 16. Rad1 Nf6 17. Bg2 Rac8 18. Qd2 Rc5 19. Qe3 Qc7 20. Qd4 Qa5 21. a4 h5 22. e4 Qb6 23. Rd3 Ng4 1/2-1/2

[Event "Liechtenstein op 21st"]
[Site "Vaduz"]
[Date "2003.05.25"]
[Round "3"]
[White "Sinowjew, Juri"]
[Black "Ramseier, Jana S"]
[Result "1/2-1/2"]
[WhiteElo "2310"]
[BlackElo "2202"]
[PlyCount "43"]
[EventDate "2003.05.23"]
[EventType "swiss"]
[EventRounds "5"]
[EventCountry "LIE"]
[SourceTitle "CBM 094 Extra"]
[Source "ChessBase"]
[SourceDate "2003.07.09"]
[SourceVersion "2"]
[SourceVersionDate "2003.07.09"]
[SourceQuality "1"]

1. e4 g6 2. d4 Bg7 3. Nc3 d6 4. Nge2 Nf6 5. g3 0-0 6. Bg2 e5 7. h3 c6 8. a4 a5 9. 0-0 Na6 10. Be3 Nb4 11. g4 Nd7 12. f4 Qb6 13. Bf2 exf4 14. Nxf4 Qd8 15. Nce2 Re8 16. c3 Na6 17. Ng3 Nf8 18. Qc2 Nc7 19. Rae1 Nce6 20. Nd3 Nd7 21. Re2 Bh6 22. Rfe1 1/2-1/2

[Event "SUI-ch (Women)"]
[Site "Leukerbad"]
[Date "2002.07.19"]
[Round "9"]
[White "Bilinski, Vanda"]
[Black "Ramseier, Jana S"]
[Result "1/2-1/2"]
[WhiteElo "1823"]
[BlackElo "2138"]
[PlyCount "84"]
[EventDate "2002.07.11"]
[EventType "tourn"]
[EventRounds "9"]
[EventCountry "SUI"]
[SourceTitle "CBM 089 Extra"]
[Source "ChessBase"]
[SourceDate "2002.09.10"]
[SourceVersion "2"]
[SourceVersionDate "2002.09.10"]
[SourceQuality "1"]

1. e4 g6 2. f4 Bg7 3. Nf3 d6 4. d4 c6 5. c3 Nf6 6. Bd3 0-0 7. 0-0 Nbd7 8. Nh4 e5 9. fxe5 dxe5 10. Nf3 Qb6 11. Kh1 Ng4 12. h3 Ngf6 13. Na3 Nh5 14. Nc4 Qc7 15. Kg1 exd4 16. cxd4 b5 17. Na3 Qg3 18. e5 Nb6 19. Qe1 Nd5 20. Qxg3 Nxg3 21. Rf2 Bf5 22. Bxf5 Nxf5 23. Nc2 Nfe7 24. a4 a6 25. Bd2 f6 26. axb5 axb5 27. Rxa8 Rxa8 28. Nb4 Ra4 29. Nd3 Ra1+ 30. Rf1 Rxf1+ 31. Kxf1 Kf7 32. Ke2 Nf5 33. exf6 Bxf6 34. Nde5+ Bxe5 35. Nxe5+ Ke6 36. Nxc6 Kd6 37. Nb4 Nxd4+ 38. Kd3 Ne6 39. g3 Nxb4+ 40. Bxb4+ Kd5 41. h4 h5 42. Bc3 Nc5+ 1/2-1/2

[Event "SUI-ch (Women)"]
[Site "Leukerbad"]
[Date "2002.07.16"]
[Round "6"]
[White "Ramseier, Jana S"]
[Black "Heinatz, Gundula"]
[Result "1/2-1/2"]
[WhiteElo "2138"]
[BlackElo "2211"]
[PlyCount "54"]
[EventDate "2002.07.11"]
[EventType "tourn"]
[EventRounds "9"]
[EventCountry "SUI"]
[SourceTitle "CBM 089 Extra"]
[Source "ChessBase"]
[SourceDate "2002.09.10"]
[SourceVersion "2"]
[SourceVersionDate "2002.09.10"]
[SourceQuality "1"]

1. d4 Nf6 2. Nf3 c5 3. c3 e6 4. Bg5 Nc6 5. Bxf6 Qxf6 6. g3 d5 7. Bg2 Bd6 8. 0-0 0-0 9. Na3 Rd8 10. Nc2 b5 11. Ne3 h5 12. h4 Rb8 13. Qd3 b4 14. Ng5 g6 15. Nxd5 exd5 16. Bxd5 Ne7 17. Bxf7+ Kg7 18. d5 Rb6 19. e4 bxc3 20. bxc3 Ba6 21. c4 Be5 22. Rac1 Rf8 23. Be6 Bd4 24. Rc2 Bc8 25. Kg2 Bxe6 26. Nxe6+ Rxe6 27. dxe6 Qxe6 1/2-1/2

[Event "SUI-ch (Women)"]
[Site "Leukerbad"]
[Date "2002.07.14"]
[Round "4"]
[White "Ramseier, Jana S"]
[Black "Bohrer, Ruth"]
[Result "1-0"]
[WhiteElo "2138"]
[BlackElo "1877"]
[PlyCount "77"]
[EventDate "2002.07.11"]
[EventType "tourn"]
[EventRounds "9"]
[EventCountry "SUI"]
[SourceTitle "CBM 089 Extra"]
[Source "ChessBase"]
[SourceDate "2002.09.10"]
[SourceVersion "2"]
[SourceVersionDate "2002.09.10"]
[SourceQuality "1"]

1. d4 d5 2. Nf3 Nf6 3. g3 Bf5 4. Bg2 e6 5. 0-0 Be7 6. c4 0-0 7. Nc3 c6 8. Qb3 Qc7 9. Bf4 dxc4 10. Qxc4 Qc8 11. Rac1 Nbd7 12. b4 Nb6 13. Qb3 Nfd5 14. b5 Nxf4 15. gxf4 Nd5 16. Nxd5 exd5 17. bxc6 bxc6 18. Ne5 Qa6 19. Nxc6 Ba3 20. Rc3 Rac8 21. Bxd5 Bd6 22. e4 Qe2 23. exf5 Qg4+ 24. Rg3 Qxf5 25. Qf3 g6 26. Ne5 Rc7 27. Rg5 Qf6 28. h4 Kg7 29. h5 a5 30. Rg4 Qf5 31. Kg2 Rfc8 32. hxg6 fxg6 33. Rg5 Qf6 34. Rh1 Rh8 35. Qg4 Be7 36. Nf7 Qxd4 37. Nxh8 Bxg5 38. Qxg5 Rd7 39. Qh6+ 1-0

[Event "SUI-ch (Women)"]
[Site "Leukerbad"]
[Date "2002.07.12"]
[Round "2"]
[White "Ramseier, Jana S"]
[Black "Lematschko, Tatjana"]
[Result "0-1"]
[WhiteElo "2138"]
[BlackElo "2238"]
[PlyCount "76"]
[EventDate "2002.07.11"]
[EventType "tourn"]
[EventRounds "9"]
[EventCountry "SUI"]
[SourceTitle "CBM 089 Extra"]
[Source "ChessBase"]
[SourceDate "2002.09.10"]
[SourceVersion "2"]
[SourceVersionDate "2002.09.10"]
[SourceQuality "1"]

1. d4 f5 2. Nf3 e6 3. g3 b6 4. Bg2 Bb7 5. 0-0 Nf6 6. c4 Be7 7. Nc3 0-0 8. Bg5 Ne4 9. Bxe7 Qxe7 10. Rc1 a5 11. Nd2 Nxc3 12. Rxc3 Bxg2 13. Kxg2 d6 14. e4 f4 15. Nf3 g5 16. g4 Nd7 17. e5 dxe5 18. dxe5 Rfd8 19. Qe2 Nc5 20. Rh1 Rd7 21. h4 gxh4 22. Rxh4 Rad8 23. g5 Rf8 24. Rg4 Rf5 25. Rc1 Qd8 26. Rh1 Qa8 27. Rh6 Rg7 28. Kh2 Qd8 29. Rf6 Qd3 30. Qxd3 Nxd3 31. Rxe6 Nxf2 32. Rh4 Ne4 33. Re8+ Kf7 34. Rc8 Nxg5 35. Rxc7+ Ke8 36. Rc8+ Kd7 37. Nxg5 Kxc8 38. Ne4 Rxe5 0-1

[Event "BL2 Sued 0102 (Women)"]
[Site "Germany"]
[Date "2001.12.02"]
[Round "4.1"]
[White "Ramseier, Jana S"]
[Black "Klein, Ulrike"]
[Result "1/2-1/2"]
[WhiteElo "2158"]
[BlackElo "1926"]
[PlyCount "79"]
[EventDate "2001.10.27"]
[EventType "team-tourn"]
[EventRounds "7"]
[EventCountry "GER"]
[SourceTitle "EXT 2003"]
[Source "ChessBase"]
[SourceDate "2002.11.25"]
[SourceVersion "1"]
[SourceVersionDate "2002.11.25"]
[SourceQuality "1"]
[WhiteTeam "Stuttgart Wolfbusch"]
[BlackTeam "Schott Mainz"]
[WhiteTeamCountry "GER"]
[BlackTeamCountry "GER"]

1. d4 d6 2. Nf3 g6 3. g3 Bg7 4. Bg2 Nf6 5. 0-0 0-0 6. b3 c6 7. Bb2 Nbd7 8. c4 Re8 9. Qc2 Qc7 10. Nc3 e5 11. e3 Nb6 12. Rae1 Bg4 13. h3 Bd7 14. Ne2 exd4 15. Bxd4 Rad8 16. Qb2 Nh5 17. g4 Bxd4 18. Qxd4 Ng7 19. Ng3 Be6 20. Ne4 Rf8 21. Nf6+ Kh8 22. Qf4 Ne8 23. g5 Nd7 24. Nxe8 Rfxe8 25. Nd2 Nf8 26. Qd4+ Kg8 27. Ne4 Nd7 28. Qxd6 Qxd6 29. Nxd6 Re7 30. Ne4 Bf5 31. Nf6+ Nxf6 32. gxf6 Red7 33. e4 Be6 34. Re2 a5 35. f4 Rd4 36. Rf3 a4 37. Kf2 Kf8 38. Rc3 Rd3 39. Rxd3 Rxd3 40. Re3 1/2-1/2

[Event "BL2 Sued 0102 (Women)"]
[Site "Germany"]
[Date "2001.12.01"]
[Round "3.2"]
[White "Ramseier, Jana S"]
[Black "Froehlich Dill, Astrid"]
[Result "1/2-1/2"]
[WhiteElo "2158"]
[BlackElo "1845"]
[PlyCount "178"]
[EventDate "2001.10.27"]
[EventType "team-tourn"]
[EventRounds "7"]
[EventCountry "GER"]
[SourceTitle "EXT 2003"]
[Source "ChessBase"]
[SourceDate "2002.11.25"]
[SourceVersion "1"]
[SourceVersionDate "2002.11.25"]
[SourceQuality "1"]
[WhiteTeam "Stuttgart Wolfbusch"]
[BlackTeam "Hofheim"]
[WhiteTeamCountry "GER"]
[BlackTeamCountry "GER"]

1. d4 Nf6 2. Nf3 e6 3. g3 b6 4. Bg2 Bb7 5. 0-0 Be7 6. c4 0-0 7. Nc3 d5 8. cxd5 Nxd5 9. Nxd5 Bxd5 10. Be3 Bf6 11. Qd2 Nd7 12. b3 Rc8 13. Rac1 Qe7 14. Bf4 c5 15. dxc5 Nxc5 16. Be5 Bxe5 17. Nxe5 Bxg2 18. Kxg2 f6 19. Nf3 Rfd8 20. Qe3 e5 21. Rfd1 Qb7 22. b4 Ne6 23. Qb3 Re8 24. Rxc8 Qxc8 25. Rd6 Kf8 26. Qd5 Ke7 27. Rc6 Qd7 28. Qc4 Rd8 29. e4 b5 30. Qc2 Qd3 31. Qxd3 Rxd3 32. Ra6 Rd7 33. h4 h5 34. Kf1 g6 35. Ke2 g5 36. hxg5 Nxg5 37. Nd2 Ne6 38. Nb3 Rc7 39. Kd3 Rd7+ 40. Ke3 Nc7 41. Rc6 Ne8 42. Nc5 Rc7 43. Re6+ Kf7 44. Ra6 Ke7 45. f4 Nd6 46. fxe5 fxe5 47. Kf3 Nf7 48. Kg2 Nd8 49. Ra5 Kf6 50. Rxb5 Nc6 51. a3 Rg7 52. Rb7 Ne7 53. Kf3 Nc6 54. Kf2 Rxb7 55. Nxb7 Kg5 56. Nd6 Kg4 57. b5 Ne7 58. a4 Kg5 59. a5 Kf6 60. a6 Ke6 61. b6 Nc6 62. bxa7 Nxa7 63. Nc4 Nb5 64. Kg2 Kd7 65. Nxe5+ Kc7 66. Nc4 Nd4 67. Kh3 Nf3 68. e5 Kb8 69. e6 Ng5+ 70. Kh4 Nxe6 71. Kxh5 Ka7 72. Kg6 Kxa6 73. Kf6 Nc5 74. g4 Kb5 75. Nd2 Kc6 76. g5 Kd6 77. Kf7 Nd7 78. Nf3 Nc5 79. g6 Ne6 80. Nd2 Ng5+ 81. Kf6 Ne6 82. Ne4+ Kd5 83. Ke7 Ng7 84. Ng3 Ne6 85. Nh5 Ke5 86. Ng3 Ng7 87. Kf7 Ne6 88. Ne2 Ng5+ 89. Ke7 Ne6 1/2-1/2

[Event "EU-chT (Women)"]
[Site "Leon"]
[Date "2001.11.14"]
[Round "8.2"]
[White "Ramseier, Jana S"]
[Black "Wilman, Carey"]
[Result "1-0"]
[WhiteElo "2181"]
[BlackElo "2044"]
[PlyCount "69"]
[EventDate "2001.11.06"]
[EventType "team-swiss"]
[EventRounds "9"]
[EventCountry "ESP"]
[SourceTitle "EXT 2002"]
[Source "ChessBase"]
[SourceDate "2001.11.25"]
[SourceVersion "1"]
[SourceVersionDate "2001.11.25"]
[SourceQuality "1"]
[WhiteTeam "Switzerland (W)"]
[BlackTeam "Scotland (W)"]
[WhiteTeamCountry "SUI"]
[BlackTeamCountry "SCO"]

1. d4 Nf6 2. Nf3 g6 3. g3 Bg7 4. Bg2 0-0 5. 0-0 d6 6. b3 c5 7. c4 Ne4 8. Bb2 Nd7 9. Nbd2 Nxd2 10. Qxd2 Rb8 11. Rad1 Qc7 12. dxc5 Nxc5 13. Bxg7 Kxg7 14. Qd4+ Kg8 15. h4 h5 16. Qe3 Kg7 17. Nd4 a6 18. Rd2 Ne6 19. Nf3 b5 20. Rc1 bxc4 21. Rxc4 Qa5 22. Rdc2 Bd7 23. Bh3 f5 24. Ng5 Nxg5 25. Qxe7+ Rf7 26. Qxg5 Bb5 27. Rd4 Qb6 28. Qf4 Rd8 29. Bg2 Re7 30. Bf3 Be8 31. Rcd2 Re6 32. Qg5 Rf6 33. Qe3 Bf7 34. Qc3 Bg8 35. Rb4 1-0

[Event "EU-chT (Women)"]
[Site "Leon"]
[Date "2001.11.09"]
[Round "4.2"]
[White "Ambrosi, Eleonora"]
[Black "Ramseier, Jana S"]
[Result "1/2-1/2"]
[WhiteElo "2095"]
[BlackElo "2181"]
[PlyCount "149"]
[EventDate "2001.11.06"]
[EventType "team-swiss"]
[EventRounds "9"]
[EventCountry "ESP"]
[SourceTitle "EXT 2002"]
[Source "ChessBase"]
[SourceDate "2001.11.25"]
[SourceVersion "1"]
[SourceVersionDate "2001.11.25"]
[SourceQuality "1"]
[WhiteTeam "Switzerland (W)"]
[BlackTeam "Italy (W)"]
[WhiteTeamCountry "SUI"]
[BlackTeamCountry "ITA"]

1. e4 g6 2. d4 Bg7 3. Nc3 d6 4. f4 c6 5. a4 a5 6. Nf3 Bg4 7. Be2 Qb6 8. e5 d5 9. Ng5 Bxe2 10. Nxe2 e6 11. c3 h5 12. Qc2 Ne7 13. Be3 Na6 14. Rb1 Nf5 15. Bf2 Bf8 16. 0-0 Be7 17. Nf3 Qc7 18. Rfc1 0-0 19. Ne1 Rfc8 20. Nd3 c5 21. Qd2 c4 22. Ne1 Qd7 23. Qd1 Rab8 24. Ng3 b5 25. axb5 Rxb5 26. Nxf5 exf5 27. Ra1 Rcb8 28. Ra2 Bd8 29. Rb1 Rb3 30. Nf3 R3b5 31. Bh4 Nc7 32. Bxd8 Qxd8 33. Ng5 R8b6 34. Qc1 Qb8 35. Qc2 a4 36. Rba1 Rb3 37. h3 Kg7 38. Ra3 Rxa3 39. Rxa3 Rb3 40. Ra2 Ne6 41. Nxe6+ fxe6 42. Qd2 Qb5 43. Qc2 Qa6 44. Qc1 Rb7 45. Qc2 Ra7 46. Kh2 Qb5 47. Qc1 Qb3 48. Ra3 Qb5 49. Ra2 Rb7 50. Qa1 Ra7 51. Qc1 Kf7 52. Kg3 Ke8 53. Kh4 Qd7 54. Kg3 Kd8 55. Ra1 Kc7 56. h4 Kb6 57. Qc2 Qb5 58. Ra3 Ka5 59. Ra2 Rb7 60. Qc1 Qb3 61. Qa1 Kb5 62. Kh3 Ra7 63. Ra3 Qc2 64. Ra2 Qe2 65. g3 Qg4+ 66. Kg2 g5 67. fxg5 f4 68. Qe1 Rf7 69. Qf2 Rf5 70. Qf3 Qxf3+ 71. Kxf3 fxg3+ 72. Kxg3 Rf1 73. Kg2 Rf4 74. Kg3 Rf1 75. Kg2 1/2-1/2

[Event "SUI-ch (Women)"]
[Site "Scuol"]
[Date "2001.07.13"]
[Round "2"]
[White "Reust, Erika"]
[Black "Ramseier, Jana S"]
[Result "0-1"]
[WhiteElo "2031"]
[BlackElo "2158"]
[PlyCount "76"]
[EventDate "2001.07.12"]
[EventType "tourn"]
[EventRounds "9"]
[EventCountry "SUI"]
[SourceTitle "CBM 083 Extra"]
[Source "ChessBase"]
[SourceDate "2001.09.11"]
[SourceVersion "1"]
[SourceVersionDate "2001.09.11"]
[SourceQuality "1"]

1. e4 g6 2. d4 Bg7 3. g3 d6 4. h3 Nf6 5. Bg2 0-0 6. Ne2 e5 7. d5 Nbd7 8. c4 a5 9. Be3 Nc5 10. Bxc5 dxc5 11. Nbc3 Ne8 12. 0-0 Nd6 13. b3 f5 14. f3 Bh6 15. Qd3 Bd7 16. Kh2 Nf7 17. a4 Ra6 18. Rab1 f4 19. g4 Bg7 20. Qd1 h5 21. Qe1 Bf6 22. Qf2 hxg4 23. hxg4 Kg7 24. Rh1 Bh4 25. Qxc5 b6 26. Qa3 Be7 27. Qb2 Rh8+ 28. Bh3 Bc5 29. Kg2 Qh4 30. Nxf4 exf4 31. Ne2+ Kg8 32. Nxf4 Bd6 33. Ne2 Ne5 34. Qc3 Ra8 35. Rbf1 Re8 36. Qe1 Qe7 37. Ng3 Nd3 38. Qe3 Nf4+ 0-1

[Event "BL2 Sued 0001 (Women)"]
[Site "Germany"]
[Date "2001.??.??"]
[Round "?"]
[White "Misanovic, Vesna"]
[Black "Ramseier, Jana S"]
[Result "1/2-1/2"]
[WhiteElo "2373"]
[BlackElo "2160"]
[PlyCount "53"]
[EventDate "2000.??.??"]
[EventType "team-tourn"]
[EventRounds "7"]
[EventCountry "GER"]
[SourceTitle "EXT 2002"]
[Source "ChessBase"]
[SourceDate "2001.11.25"]
[SourceVersion "1"]
[SourceVersionDate "2001.11.25"]
[SourceQuality "1"]

1. d4 g6 2. c4 Bg7 3. Nc3 d6 4. Nf3 Nf6 5. e4 0-0 6. Be2 Na6 7. Bg5 h6 8. Bf4 c6 9. Qc1 Kh7 10. Qc2 Nh5 11. Be3 e5 12. Rd1 Qe7 13. 0-0 Nf4 14. Rfe1 Nxe2+ 15. Qxe2 Bg4 16. h3 Bxf3 17. Qxf3 Nc7 18. d5 Rfd8 19. b4 cxd5 20. Nxd5 Nxd5 21. Rxd5 Qe6 22. Red1 Rdc8 23. Rxd6 Qxc4 24. Rd7 Rc7 25. Rc1 Qxc1+ 26. Bxc1 Rxd7 27. Be3 1/2-1/2

[Event "Olympiad Women-34"]
[Site "Istanbul"]
[Date "2000.11.08"]
[Round "11.2"]
[White "Ramseier, Jana S"]
[Black "Agababean, Naira"]
[Result "1/2-1/2"]
[WhiteElo "2156"]
[BlackElo "2365"]
[PlyCount "57"]
[EventDate "2000.10.28"]
[EventType "team-swiss"]
[EventRounds "14"]
[EventCountry "TUR"]
[SourceTitle "EXT 2001"]
[Source "ChessBase"]
[SourceDate "2000.11.22"]
[SourceVersion "1"]
[SourceVersionDate "2000.11.22"]
[SourceQuality "1"]
[WhiteTeam "Switzerland"]
[BlackTeam "Moldova (W)"]
[WhiteTeamCountry "SUI"]
[BlackTeamCountry "MDA"]

1. d4 d5 2. Nf3 Nf6 3. c4 c6 4. cxd5 cxd5 5. Nc3 Nc6 6. e3 e6 7. Bd3 Bd6 8. 0-0 0-0 9. e4 dxe4 10. Nxe4 Nxe4 11. Bxe4 Be7 12. Qc2 Nxd4 13. Nxd4 Qxd4 14. Be3 Qe5 15. Bxh7+ Kh8 16. Be4 f5 17. Bf3 Bd6 18. g3 f4 19. Bxf4 Rxf4 20. gxf4 Qxf4 21. Rfd1 Qxh2+ 22. Kf1 Bd7 23. Rxd6 Qxd6 24. Kg2 Bc6 25. Rh1+ Kg8 26. Qh7+ Kf7 27. Qh5+ Kg8 28. Qh7+ Kf7 29. Qh5+ 1/2-1/2

[Event "Olympiad Women-34"]
[Site "Istanbul"]
[Date "2000.11.02"]
[Round "6.2"]
[White "Ramseier, Jana S"]
[Black "Meenakshi, Subbaraman"]
[Result "0-1"]
[WhiteElo "2156"]
[BlackElo "2226"]
[PlyCount "114"]
[EventDate "2000.10.28"]
[EventType "team-swiss"]
[EventRounds "14"]
[EventCountry "TUR"]
[SourceTitle "EXT 2001"]
[Source "ChessBase"]
[SourceDate "2000.11.22"]
[SourceVersion "1"]
[SourceVersionDate "2000.11.22"]
[SourceQuality "1"]
[WhiteTeam "Switzerland"]
[BlackTeam "India (W)"]
[WhiteTeamCountry "SUI"]
[BlackTeamCountry "IND"]

1. d4 d5 2. Nf3 Nf6 3. g3 c6 4. Bg2 Bg4 5. 0-0 e6 6. c3 Bd6 7. Bg5 Nbd7 8. Nbd2 Qb6 9. Qb3 Qxb3 10. axb3 h6 11. Bf4 Bxf4 12. gxf4 Ke7 13. Rfe1 a6 14. Ne5 Bh5 15. b4 g5 16. fxg5 hxg5 17. Nd3 Bg6 18. Nc5 Rab8 19. e3 Rh6 20. Bf3 Nxc5 21. bxc5 Rbh8 22. Nf1 Bd3 23. Be2 Bxe2 24. Rxe2 g4 25. Ra4 Kd7 26. c4 Ne4 27. cxd5 exd5 28. Rb4 Kc8 29. Kg2 Rh3 30. Rc2 f6 31. Ra4 Ng5 32. Re2 Nf3 33. e4 Nxh2 34. exd5 Nxf1 35. dxc6 Rh1 36. Re8+ Rxe8 37. cxb7+ Kxb7 38. Rb4+ Kc7 39. Kxh1 Re4 40. Rb6 Rxd4 41. Rxf6 a5 42. Rg6 Nd2 43. Kg2 Rb4 44. Kg3 Ne4+ 45. Kxg4 Nxf2+ 46. Kf3 Nd3 47. Ra6 a4 48. Ra5 Nxb2 49. Ke2 Rc4 50. Kd2 Kc6 51. Ra8 Kxc5 52. Rh8 a3 53. Rh1 Kb4 54. Rb1 Kb3 55. Ra1 a2 56. Ke2 Na4 57. Kd3 Rc3+ 0-1